History Quiz

Random History or State Quiz

Most Republican States Quiz Stats

 Plays Quiz not verified by Sporcle

Challenge
Share
Tweet
Embed
Score 0/8 Timer 04:00
0 Plays Today
Region State % Correct
WestIdaho
94.8%
WestUtah
94.1%
Mid-WestNorth Dakota
93.8%
Mid-WestSouth Dakota
92.8%
WestWyoming
91%
Mid-WestKansas
90.3%
Mid-WestOklahoma
84.8%
North WestAlaska
78.3%

You're not logged in!

Compare scores with friends on all Sporcle quizzes.
OR
Log In

You Might Also Like...

Show Comments

Extras

Top Quizzes Today


Score Distribution

Your Account Isn't Verified!

In order to create a playlist on Sporcle, you need to verify the email address you used during registration. Go to your Sporcle Settings to finish the process.

Report this User

Report this user for behavior that violates our Community Guidelines.

Details: